BIBLIOTECA

SENCICO

Aprendiendo a pensar / (Registro nro. 313)

Detalles MARC
000 -LEADER
fixed length control field 01026nam a2200241Ia 4500
003 - CONTROL NUMBER IDENTIFIER
control field PE SENCICO BE
005 - DATE AND TIME OF LATEST TRANSACTION
control field 20251020182433.0
008 - FIXED-LENGTH DATA ELEMENTS--GENERAL INFORMATION
fixed length control field 200515s9999 xx 000 0 und d
040 ## - CATALOGING SOURCE
Original cataloging agency PE SENCICO BE
Transcribing agency PE SENCICO BE
041 ## - LANGUAGE CODE
Language code of text/sound track or separate title spa
082 ## - DEWEY DECIMAL CLASSIFICATION NUMBER
Classification number 153.42
Item number H51
100 1# - MAIN ENTRY--PERSONAL NAME
Personal name Higueras, Leonardo
9 (RLIN) 2685
Relator term autor
245 10 - TITLE STATEMENT
Title Aprendiendo a pensar /
Statement of responsibility, etc. Leonardo Higueras
250 ## - EDITION STATEMENT
Edition statement 3a ed.
260 ## - PUBLICATION, DISTRIBUTION, ETC.
Place of publication, distribution, etc. Lima :
Name of publisher, distributor, etc. Publicaciones Coph ;
Date of publication, distribution, etc. 1988
300 ## - PHYSICAL DESCRIPTION
Extent 175 p. :
Other physical details tbl., graf ;
Dimensions 21 cm.
505 0# - FORMATTED CONTENTS NOTE
Formatted contents note Desafíos de la tarea educativa que hacen pensar -- El aprendizaje del pensar -- Pensamiento y conducta -- Un modelo para la integración personal -- El curriculo y las operaciones del pensamiento -- Operaciones, actividades y conductas -- Aplicación del pensamiento en experiencias que son respuestas a los desafíos de la tarea educativa
650 10 - SUBJECT ADDED ENTRY--TOPICAL TERM
Topical term or geographic name entry element Pensamiento crítico
9 (RLIN) 2686
650 20 - SUBJECT ADDED ENTRY--TOPICAL TERM
Topical term or geographic name entry element Pensamiento
9 (RLIN) 276
650 20 - SUBJECT ADDED ENTRY--TOPICAL TERM
Topical term or geographic name entry element Educación
9 (RLIN) 2279
650 20 - SUBJECT ADDED ENTRY--TOPICAL TERM
Topical term or geographic name entry element Psicología de la educación
9 (RLIN) 2680
942 ## - ADDED ENTRY ELEMENTS (KOHA)
Koha item type Libros
Source of classification or shelving scheme Dewey Decimal Classification
Existencias
Fecha de la última vez que lo usaron Número de ingreso o de inventario Pago total Signatura topográfica completa Código de barras Precio efectivo desde Tipo de documento Estado perdido Sistema de clasificación Estado dañado No es para préstamo Retirado Ubicación permanente Ubicación actual Fecha de adquisición
15/05/2020 13792   153.42/H51 BibLima24110023 15/05/2020 Libros   Dewey Decimal Classification       Biblioteca Central Lima Biblioteca Central Lima 15/05/2020